Представление документа в формате RUSMARC

ПолеНазваниеЗначение
  Тип записи a
  Библиографический уровень a
001 Контрольный номер RU/CBS_UL/BASE/691587809
005 Дата корректировки 20240209175120.8
100 Данные общей обработки __
a Данные общей обработки 20211130d2021 ||| 0rusy0189 ca
101 Язык документа 0_
a Язык текста rus
102 Страна публикации __
a Страна публикации RU
105 Кодированные данные (монография) __
a Кодированные данные (монография) y###||||000|y
181 Поле кодированных данных: вид содержания _1
a Код вида содержания (ISBD) i#
b Код характеристики содержания (ISBD) #xxe##
d i
g x
h x
i e
182 Поле кодированных данных: тип средства _1
a Код типа средства (ISBD) n
2 Код системы (источник кода, отличный от ISBD) isbdmedia
200 Заглавие и сведения об ответственности 1_
a Заглавие Регбол
b Общее обозначение материала Текст
e Сведения, относящиеся к заглавию [о национальной русской игре]
w Текст (визуальный) : непосредственный
203 Вид содержания и тип средства __
a Вид содержания Текст
b Характеристика содержания визуальный
c Тип средства непосредственный
333 Примечание о целевом назначении __
a Примечание о целевом назначении 6+
461 Уровень набора _0
1 2000
a Симбик
463 Уровень физической единицы _0
1 001RU/CBS_UL/BASE/691584552
1 2000
a № 1
v С. 13
1 210
d 2013
600 Персоналии _0
a Персоналии (Фамилия) Нечепорук
b Персоналии (Имя, инициалы) А. В.
606 Тематические рубрики 0_
a Основная рубрика Другие виды игр
z Хронологическая подрубрика 1994 г.
606 Тематические рубрики 0_
z Хронологическая подрубрика 1999 г.
610 Ключевые слова 0_
a Ключевые слова национальные русские игры
610 Ключевые слова 0_
a Ключевые слова регбол
610 Ключевые слова 0_
a Ключевые слова федерация регбола
610 Ключевые слова 0_
a Ключевые слова виды спорта
686 Индексы других классификаций __
a Классификационный индекс 75.59
2 Код системы rubbk
801 Источник записи _0
a Страна RU
b Организация МБУК ЦБС г. Ульяновска
c Дата составления 20211130
g Правила каталогизации RCR
801 Источник записи _1
a Страна RU
b Организация МБУК ЦБС г. Ульяновска
c Дата составления 20211130
g Правила каталогизации RCR
901 Тип документа __
t Тип документа b
w Контрольный № источника RU/CBS_UL/BASE/691584552
910 Корректоры записи __
a Корректор записи Карцева
938 Служебная информация __
a Имя БД kraeved